| 000 | 00957naa a22002897a 4500 | ||
|---|---|---|---|
| 001 | BR4600026 | ||
| 003 | BR-BrBNA | ||
| 005 | 20240918181607.0 | ||
| 007 | ta | ||
| 008 | 230509b bl.||||| |||| 00| 0 por d | ||
| 040 |
_aBR-BrBNA _bpor _cBiblioteca Nacional de Agricultura |
||
| 041 | _a(Es) | ||
| 072 | _aL72 | ||
| 090 | _aL72 BR4600026 | ||
| 100 | 1 | _aJoan, T. | |
| 100 | 1 | _aLucas, G.R. | |
| 111 | 1 |
_a3. Congresso Brasileiro de Veterinaria _cPorto Alegre, RS (Brazil) _d1. Oct 1945 |
|
| 245 | 1 | _aCiclo evolutivo del Psoroptes ovis (Her)Gerv. Interpretacion octual y aplicacion tecnologica | |
| 246 | 1 | _aAnais do 3. Congresso Brasileiro de Veterinaria | |
| 260 | 3 |
_aPorto Alegre, RS (Brasil): _bLiv. Globo, _c1946. |
|
| 500 | _a Porto Alegre, RS (Brasil): Liv. Globo, 1946. p. 205-248 (BR4600026-AM)L72 | ||
| 650 | _aAcaro | ||
| 650 | _aCiclo de Vida | ||
| 650 | _aBiologia | ||
| 909 |
_a202404 _bLucia _c55 _dLucia Elande |
||
| 942 |
_cAM _2AGRIS |
||
| 999 |
_c325987 _d325987 |
||